|
|
|
|
| LEADER |
00000nam a2200000 a 4500 |
| 001 |
vtls001266596 |
| 003 |
SK-MaSNL |
| 005 |
20260301234602.0 |
| 008 |
240315s1982 xr 0 cze |
| 035 |
|
|
|a SNK000217540
|
| 040 |
|
|
|a SNK
|b slo
|c SNK
|e AACR2
|
| 041 |
0 |
|
|a cze
|
| 044 |
|
|
|a CZ
|
| 100 |
1 |
|
|a Bém, Jiří
|4 aut
|9 285958
|
| 245 |
0 |
|
|a Hydraulika v příkladech
|b Pro posl. fak. stavební
|c Jiří Bém, Karel Jičínský
|
| 250 |
|
|
|a dotisk 2. vyd.
|
| 260 |
|
|
|a Praha
|b ČVUT
|c 1982
|
| 300 |
|
|
|a 330 s.
|c 4°
|
| 700 |
1 |
|
|a Jičínský, Karel
|4 aut
|9 63455
|
| 958 |
|
|
|a RK
|
| 958 |
|
|
|a OND
|
| 999 |
|
|
|c 970787
|d 972717
|
| 952 |
|
|
|t P60, <04>, [BOOK], {604}
|a SNK
|b SNK
|y VYP
|7 0
|p 17A0243092
|o snkIB 49704
|i snkKIP 2537/83
|0 0
|1 0
|4 0
|d 1996-11-18
|l 0
|r 2005-01-01 00:00:00
|w 2026-02-24
|